HEALTH ECONOMICS FOR NURSES (Record no. 6768)

MARC details
000 -LEADER
fixed length control field 00363nam a2200145Ia 4500
008 - FIXED-LENGTH DATA ELEMENTS--GENERAL INFORMATION
fixed length control field 150301s2011 xx 000 0 und d
082 ## - DEWEY DECIMAL CLASSIFICATION NUMBER
Classification number 610.732
Item number H11S
100 ## - MAIN ENTRY--PERSONAL NAME
Personal name SAWANT, SUREKHA
245 ## - TITLE STATEMENT
Title HEALTH ECONOMICS FOR NURSES
250 ## - EDITION STATEMENT
Edition statement 1ST
260 ## - PUBLICATION, DISTRIBUTION, ETC. (IMPRINT)
Name of publisher, distributor, etc. AP. JAIN & COMP.
Place of publication, distribution, etc. DELHI
Date of publication, distribution, etc. 2011
300 ## - PHYSICAL DESCRIPTION
Extent 126
650 ## - SUBJECT ADDED ENTRY--TOPICAL TERM
Topical term or geographic name as entry element COMMUNITY HEALTH NURSING
942 ## - ADDED ENTRY ELEMENTS (KOHA)
Source of classification or shelving scheme Dewey Decimal Classification
Koha item type Books
Holdings
Withdrawn status Lost status Source of classification or shelving scheme Damaged status Not for loan Collection code Home library Current library Shelving location Date acquired Source of acquisition Cost, normal purchase price SGTU Bill Number Total Checkouts Full call number Barcode Date last seen Bill Date Koha item type Date last checked out
    Dewey Decimal Classification     NURSING SGT Medical Library SGT Medical Library Text Book 02/07/2015 A.P JAIN & COMP. 100.00 SGTU 407   610.732 H11S FN2536 02/07/2015 29/11/2014 Books  
    Dewey Decimal Classification     NURSING SGT Medical Library SGT Medical Library Text Book 02/07/2015 A.P JAIN & COMP. 100.00 SGTU 407 1 610.732 H11S FN2537 09/05/2017 29/11/2014 Books 29/04/2017
    Dewey Decimal Classification     NURSING SGT Medical Library SGT Medical Library Text Book 02/07/2015 A.P JAIN & COMP. 100.00 SGTU 407   610.732 H11S FN2538 12/04/2019 29/11/2014 Books  
    Dewey Decimal Classification     NURSING SGT Medical Library SGT Medical Library Text Book 02/07/2015 A.P JAIN & COMP. 100.00 SGTU 407 1 610.732 H11S FN2539 20/04/2026 29/11/2014 Books 06/04/2026
    Dewey Decimal Classification     NURSING SGT Medical Library SGT Medical Library Text Book 02/07/2015 A.P JAIN & COMP. 100.00 SGTU 407   610.732 H11S FN2540 02/07/2015 29/11/2014 Books